| 000 | 00477nam a22001817a 4500 | ||
|---|---|---|---|
| 999 |
_c5788 _d5788 |
||
| 003 | GBCCL | ||
| 005 | 20241126110550.0 | ||
| 008 | 180409b ||||| |||| 00| 0 eng d | ||
| 040 | _cgbc | ||
| 082 |
_a248 _bCOL |
||
| 100 |
_aCollier, Gordon _910485 |
||
| 245 |
_aMake Your Own World / _cGordon Collier |
||
| 260 |
_aNew York: _bBook of Destiny, _c1954 |
||
| 300 |
_a186 p.; _bill., _c20 cm. |
||
| 650 |
_aChristian life _9183 |
||
| 650 |
_aConduct of life _9524 |
||
| 942 |
_2ddc _cBK |
||